LEADER 01018nam0 22002531i 450 001 RML0261983 005 20231121125719.0 100 $a20121121d1960 ||||0itac50 ba 101 | $aund 102 $ait 181 1$6z01$ai $bxxxe 182 1$6z01$an 200 1 $a˜Le œ"liber visitationis" d'athanase chalkéopoulos (1457-1458)$econtribution à l'histoire du monachisme grec en italie méridionale 210 $aCittà del Vaticano $cBiblioteca apostolica Vaticana $d1980 700 1$aLaurent$b, M. H.$3RMLV167785$0458327 701 1$aGuillou$b, André$3RMLV146835$0385290 801 3$aIT$bIT-01$c20121121 850 $aIT-FR0017 899 $aBiblioteca umanistica Giorgio Aprea$bFR0017 912 $aRML0261983 950 0$aBiblioteca umanistica Giorgio Aprea$d 52COBAL S.T.206$e 52VM 0000320065 VM barcode:28420-10VM$fA $h20010423$i20121204 977 $a 52 996 $a"liber visitationis" d'athanase chalkéopoulos (1457-1458)$93623655 997 $aUNICAS